| 000 | 00733nam a2200193 a 4500 | ||
|---|---|---|---|
| 003 | 0 | ||
| 005 | 20250317075246.0 | ||
| 008 | 080924s19uu xx 00 eng d | ||
| 050 |
_aPHS BF 575.A5 _b.Y1 2008 |
||
| 100 | _aYap, Rejeanne D. | ||
| 245 |
_aLevels of anger management skills of male and female senior students of Southville International School and Colleges / _cRejeanne D. Yap. |
||
| 260 |
_aLas PiƱas City, Philippines : _bSouthville International School and Colleges, _c2008. |
||
| 300 |
_a24 pages : _billustrations ; _c28 cm. |
||
| 504 | _aIncludes bibliographical references. | ||
| 650 |
_aAnger _xPsychological aspects. |
||
| 650 | _aAnger in adolescence. | ||
| 650 |
_aAnger _xSex differences. |
||
| 942 |
_2lcc _cPASS |
||
| 999 |
_c98091 _d98091 |
||